| 000 | 00832nam a22001937a 4500 | ||
|---|---|---|---|
| 005 | 20240103112653.0 | ||
| 010 | _aHIN-126642 | ||
| 020 |
_a9788188790777 _c295.00 |
||
| 035 | _aHN-98988 | ||
| 037 | _bDBAD/PUB | ||
| 082 | _aक | ||
| 100 |
_aराव,सी भास्कर _960568 |
||
| 245 |
_aहादसों से गुजरते हुए;तथा अन्य कहानिया/ _cसी भास्कर राव |
||
| 260 |
_aदिल्ली _bकल्पना प्रकाशन _c2022 |
||
| 270 |
_aबी -1770 जहांगीर पुरी नजदीक स्टेट बैंक ऑफ़ इंडिया _bदिल्ली _e110033 |
||
| 300 |
_a120 पृ.; _c22 सेमी.(सजिल्द) |
||
| 710 | _960529 | ||
| 942 |
_2ddc _cHN _hक _mरावसी |
||
| 999 |
_c199941 _d199941 |
||